| 000 | 00641nam a2200133Ia 4500 | ||
|---|---|---|---|
| 008 | 160809s9999 xx 000 0 und d | ||
| 100 | _aGebhardt, Markus. | ||
| 245 | _aWHAT IS BEHIND THE DIAGNOSIS OF LEARNING DISABILITY IN AUSTRIAN SCHOOLS? AN EMPIRICAL EVALUATION OF THE RESULTS OF THE DIAGNOSTIC PROCESS | ||
| 245 | _cMarkus Gebhardt TU München Mathias Krammer Susanne Schwab Peter Rossmann Barbara Gasteiger Klicpera University of Graz Susanne Klatten . | ||
| 260 | _bInternational Journal of Special Education | ||
| 260 | _c2013 | ||
| 650 | _xSPECIAL EDUCATION | ||
| 856 | _uhttp://www.internationaljournalofspecialed.com/issues.php | ||
| 999 |
_c300337 _d300337 |
||